LEADER 00988nam0-22003371i-450- 001 990006888000403321 005 20001010 010 $a88-464-0407-6 035 $a000688800 035 $aFED01000688800 035 $a(Aleph)000688800FED01 035 $a000688800 100 $a20001010d--------km-y0itay50------ba 101 0 $aita 105 $ay-------001yy 200 1 $a<>GUERRA e il militare nel nuovo sistema internazionale$fA cura di James Burk. 210 $aMilano$cF. Angeli$dc 1998. 215 $a238 p.$d22 cm 225 1 $aCollana di sociologia militare$v8 610 0 $aGuerra e pace 610 0 $aPaesi occidentali - Politica militare - 1990-1998 676 $a327.1 702 1$aBurk,$bJames 801 0$aIT$bUNINA$gRICA$2UNIMARC 901 $aBK 912 $a990006888000403321 952 $aCOLLEZ. 1866 (8)$b34197$fFSPBC 959 $aFSPBC 996 $aGuerra e il militare nel nuovo sistema internazionale$9512865 997 $aUNINA DB $aGEN01 LEADER 01685oam 2200445M 450 001 9910716157503321 005 20200213070920.9 035 $a(CKB)5470000002518539 035 $a(OCoLC)1065607354 035 $a(OCoLC)995470000002518539 035 $a(EXLCZ)995470000002518539 100 $a20071213d1926 ua 0 101 0 $aeng 135 $aurcn||||||||| 181 $ctxt$2rdacontent 182 $cc$2rdamedia 183 $acr$2rdacarrier 200 10$aAuthorizing sale of public land in Bay County, Fla., to P.C. Black. March 24, 1926. -- Committed to the Committee of the Whole House and ordered to be printed 210 1$a[Washington, D.C.] :$c[U.S. Government Printing Office],$d1926. 215 $a1 online resource (2 pages) 225 1 $aHouse report / 69th Congress, 1st session. House ;$vno. 641 225 1 $a[United States congressional serial set] ;$v[serial no. 8536] 300 $aBatch processed record: Metadata reviewed, not verified. Some fields updated by batch processes. 300 $aFDLP item number not assigned. 606 $aLand tenure 606 $aLand titles 606 $aPublic land sales 608 $aLegislative materials.$2lcgft 615 0$aLand tenure. 615 0$aLand titles. 615 0$aPublic land sales. 701 $aThomas$b Elmer$f1876-1965$pDemocrat (OK)$01387989 801 0$bWYU 801 1$bWYU 801 2$bOCLCO 801 2$bOCLCQ 906 $aBOOK 912 $a9910716157503321 996 $aAuthorizing sale of public land in Bay County, Fla., to P.C. Black. March 24, 1926. -- Committed to the Committee of the Whole House and ordered to be printed$93490978 997 $aUNINA